Best NFL Player by Number - Statistics

General Stats
  • This quiz has been taken 132 times
  • The average score is 28 of 101
Answer Stats
HOF? # When Answer % Correct
12 2000–2022 Tom Brady
95%
18 1998–2015 Peyton Manning
79%
22 1990–2004 Emmitt Smith
72%
0 2023– Roquan Smith
72%
78 1985–2003 Bruce Smith
71%
82 1992–2005 Jimmy Smith
71%
15 2017– Patrick Mahomes
71%
89 2001–2016 Steve Smith Sr.
71%
16 1979–1992 Joe Montana
69%
80 1985–2004 Jerry Rice
66%
13 1983–1999 Dan Marino
65%
4 1991–2010 Brett Favre
62%
37 1961–1976 Jimmy Johnson
62%
20 1989–1998 Barry Sanders
59%
9 2001–2020 Drew Brees
59%
3 2012– Russell Wilson
59%
72 1974–1989 Ed "Too Tall" Jones
54%
56 1981–1993 Lawrence Taylor
54%
17 2004– Philip Rivers
54%
29 1969–1983 Harold Jackson
52%
57 1981–1995 Rickey Jackson
52%
39 2004–2015 Steven Jackson
52%
2 2008–2022 Matt Ryan
51%
34 1975–1987 Walter Payton
50%
92 1986–2000 Reggie White
47%
84 2005–2015 Roddy White
47%
8 1985–1999 Steve Young
47%
7 2004–2021 Ben Roethlisberger
46%
52 1996–2012 Ray Lewis
46%
69 2004–2015 Jared Allen
45%
32 1982–1997 Marcus Allen
45%
30 1998–2008 Ahman Green
43%
62 2011–2023 Jason Kelce
43%
75 1969–1981 Joe Greene
43%
19 1956–1973 Johnny Unitas
42%
1 1984–2000 Warren Moon
42%
35 1991–2004 Aeneas Williams
38%
21 2001–2011 LaDainian Tomlinson
38%
99 2014–2023 Aaron Donald
37%
10 1961–1978 Fran Tarkenton
35%
71 2004–2022 Jason Peters
30%
28 1994–2005 Marshall Faulk
30%
5 1999–2011 Donovan McNabb
29%
14 1973–1987 Dan Fouts
27%
61 1987–1998 Nate Newton
25%
26 1987–2003 Rod Woodson
24%
50 1981–1992 Mike Singletary
23%
42 1981–1994 Ronnie Lott
23%
11 1993–2006 Drew Bledsoe
22%
43 2003–2014 Troy Polamalu
22%
59 1971–1982 Jack Ham
20%
87 2001–2014 Reggie Wayne
20%
93 2008– Calais Campbell
19%
58 1974–1984 Jack Lambert
17%
00 1961–1974 Jim Otto
17%
44 1971–1985 John Riggins
17%
25 2011–2020 Richard Sherman
16%
33 1977–1988 Tony Dorsett
16%
74 1983–2001 Bruce Matthews
15%
54 2012– Bobby Wagner
14%
6 2006–2017 Jay Cutler
14%
94 2011– Cameron Jordan
13%
24 1999–2013 Champ Bailey
13%
95 1983–1997 Richard Dent
13%
88 1967–1978 Alan Page
11%
55 1990–2009 Junior Seau
10%
41 1985–2000 Eugene Robinson
9%
70 1961–1979 Jim Marshall
9%
90 2002–2018 Julius Peppers
9%
47 1970–1983 Mel Blount
8%
97 2011– Cameron Heyward
6%
31 1974–1987 Donnie Shell
6%
73 1973–1985 John Hannah
6%
85 1971–1984 Jack Youngblood
5%
48 1983–1996 Lionel Washington
5%
27 1989–1999 Steve Atwater
5%
49 1958–1968 Bobby Mitchell
4%
38 1984–1996 Eugene Daniel
4%
63 1999–2012 Jeff Saturday
4%
36 1990–2001 LeRoy Butler
4%
51 1986–1997 Sam Mills
4%
83 1969–1983 Ted Hendricks
4%
96 1986–2000 Clyde Simmons
3%
40 1960–1968 Bobby Boyd
2%
81 1964–1978 Carl Eller
2%
91 2012–2023 Fletcher Cox
2%
65 1986–1997 Gary Zimmerman
2%
64 1988–2001 Randall McDaniel
2%
77 1993–2005 Willie Roaf
2%
86 1963–1975 Buck Buchanan
1%
45 1961–1970 Dave Grayson
1%
98 1993–2003 Jessie Armstead
1%
68 1993–2006 Will Shields
1%
67 1970–1983 Bob Kuechenberg
0%
60 1960–1972 Jarry Grantham
0%
53 1962–1978 Mick Tingelhoff
0%
79 1985–1995 Ray Childress
0%
76 1989–2001 Steve Wisniewski
0%
46 1987–1999 Tim McDonald
0%
66 1994–2007 Tom Nalen
0%
23 1992–2006 Troy Vincent
0%
No matching quizzes found
Score Distribution
Percent of People with Each Score
Percentile by Number Answered
Your Score History
You have not taken this quiz